000 00633nam a2200229Ia 4500
005 20250425162738.0
008 250425s9999 xx 000 0 und d
020 _a0521094186
041 _aeng
082 _a338.0941
100 _aLANDES, DAVID S.
245 0 _aTHE UNBOUND PROMETHEUS TECHNOLOGICAL CHANGE AND INDUSTRIAL DEVELOPMENT IN WESTERN EUROPE FROM 1750 TO THE PRESENT
250 _a1ST ED.
260 _aEstados Unidos
_bCAMBRIDGE UNIVERSITY PRESS
_c1969
260 _aS.L.
300 _a566
650 _aEUROPA
650 _aINDUSTRIA
710 _aCAMBRIDGE UNIVERSITY
942 _c01
010 _a104538
999 _c235562
_d235562